| 000 | 00599nam a2200217Ia 4500 | ||
|---|---|---|---|
| 005 | 20260429111908.0 | ||
| 008 | 260429s9999||||xx |||||||||||||| ||und|| | ||
| 020 | _a9781041203469 | ||
| 041 | _aEnglish | ||
| 082 |
_a001.430285 _bGOS |
||
| 100 | _aKyle, Goslin | ||
| 245 | 0 |
_aApplied user data collection and analysis using JavaScript and php / _cGoslin Kyle |
|
| 260 |
_aBoca Raton : _bCRC Press, _c2021. |
||
| 300 | _axxiii, 321 p.; pbk | ||
| 650 | _a Data analysis | ||
| 650 | _a Javascript | ||
| 650 | _a PHP | ||
| 650 | _aData collection | ||
| 700 | _a Hofmann, Markus | ||
| 942 | _cTB | ||
| 999 |
_c51320 _d51320 |
||